00316nam a2200121Ia 4500008004100000041000800041082001700049100002000066245002800086260004400114300001900158999001700177241015s9999 xx 000 0 und d aeng a658.1592 LEA aLeach/ Melicher aEntrepreneurial Finance bCengage Learning IndiaaAustraliac2021 a696;. P. 25 cm c41778d41778